[Event "4NCL 3 South pool D"]
[Site "Daventry, ENG"]
[Date "2019.04.14"]
[Round "8.65"]
[White "Pack, James"]
[Black "Meichel, Eric B"]
[Result "0-1"]
[WhiteElo "1862"]
[BlackElo "1922"]
[PlyCount "42"]
[EventDate "2019.04.14"]
[WhiteTeam "Iceni 2"]
[BlackTeam "MK Phoenix 1"]

1. Nf3 d5 2. c4 c6 3. e3 Nf6 4. b3 g6 5. Bb2 Bg7 6. Be2 O-O 7. O-O a6 8. Ne5
Nbd7 9. d4 Ne4 10. f3 Nd6 11. Nxd7 Bxd7 12. Nd2 Nf5 13. Re1 Nxe3 14. Qc1 Nf5
15. cxd5 cxd5 16. Qc5 Rc8 17. Qb4 Rc2 18. Bd3 Rxb2 19. Bxf5 Bxf5 20. g4 Be6 21.
Kh1 Rc2 0-1

[Event "4NCL 3 South pool D"]
[Site "Daventry, ENG"]
[Date "2019.04.14"]
[Round "8.66"]
[White "Kendall, Paul S N"]
[Black "Kenning, Paul H"]
[Result "1-0"]
[WhiteElo "1957"]
[BlackElo "1846"]
[PlyCount "87"]
[EventDate "2019.04.14"]
[WhiteTeam "MK Phoenix 1"]
[BlackTeam "Iceni 2"]

1. e4 d6 2. d4 Nf6 3. Nc3 Nbd7 4. g4 h6 5. h3 e5 6. Nge2 b5 7. a3 Bb7 8. Bg2 a5
9. Nxb5 Bxe4 10. Bxe4 Nxe4 11. Qd3 d5 12. c4 c6 13. cxd5 cxd5 14. Nec3 Nxc3 $11
15. Nxc3 exd4 16. Qxd4 Nf6 17. Be3 Be7 18. Qa4+ Qd7 19. Qxd7+ Kxd7 20. Bd4 Rab8
21. O-O-O Rhc8 22. Rhe1 Ke8 23. Bxf6 gxf6 24. Rxd5 Kf8 25. Rxa5 Bd6 26. Kc2 Rb7
27. Rd5 Be5 28. Red1 Ke7 29. R1d3 Rcb8 30. b4 Rc8 31. Kb3 Rbc7 32. Rxe5+ fxe5
33. Nd5+ Ke6 34. Nxc7+ Rxc7 35. Rc3 Rd7 36. Rc6+ Kd5 37. b5 Ke4 38. Rxh6 Rd3+
39. Kb4 Rf3 40. b6 Rxf2 41. Kc5 Rc2+ 42. Kb5 Kd5 43. b7 e4 44. Rb6 1-0

[Event "4NCL 3 South pool D"]
[Site "Daventry, ENG"]
[Date "2019.04.14"]
[Round "8.71"]
[White "Josse, Mark"]
[Black "Lee, Richard W Y"]
[Result "1-0"]
[WhiteElo "2188"]
[BlackElo "2130"]
[PlyCount "75"]
[EventDate "2019.04.14"]
[WhiteTeam "The Rookies"]
[BlackTeam "Cambridge University 2"]

1. c4 e6 2. Nc3 d5 3. d4 Nf6 4. cxd5 exd5 5. Bg5 c6 6. Qc2 Be7 7. e3 Nbd7 8.
Bd3 Nf8 9. Nge2 Ne6 10. Bh4 g6 11. f3 Ng7 12. Bf2 O-O 13. O-O Bd6 14. h3 Re8
15. e4 Bf8 16. Rad1 Be6 17. Qd2 Rc8 18. Be3 a6 19. Bg5 Be7 20. e5 Nd7 21. Bxe7
Qxe7 22. f4 h5 23. Kh2 h4 24. g4 hxg3+ 25. Nxg3 Qh4 26. f5 Nxf5 27. Bxf5 gxf5
28. Rf4 Qh7 29. Rdf1 Nf8 30. Nxf5 Bxf5 31. Rxf5 Rc7 32. Qc2 Rd7 33. Ne2 Re6 34.
Nf4 Rh6 35. Rg1+ Kh8 36. Qg2 Ne6 37. Nxe6 Rxe6 38. Rh5 1-0

[Event "4NCL 3 South pool D"]
[Site "Daventry, ENG"]
[Date "2019.04.14"]
[Round "8.72"]
[White "Spencer, Carl J"]
[Black "Burrows, Martin P"]
[Result "1/2-1/2"]
[WhiteElo "2123"]
[BlackElo "2146"]
[PlyCount "81"]
[EventDate "2019.04.14"]
[WhiteTeam "Cambridge University 2"]
[BlackTeam "The Rookies"]

1. e4 c5 2. Nf3 d6 3. d4 cxd4 4. Nxd4 Nf6 5. Nc3 a6 6. f4 Qc7 7. f5 e5 8. fxe6
fxe6 9. g3 Nc6 10. Bg2 Be7 11. Be3 O-O 12. O-O Bd7 13. Nxc6 bxc6 14. Qe2 Kh8
15. Na4 Rfb8 16. c4 e5 17. Bf3 Rb4 18. b3 Be6 19. Rac1 a5 20. Bd2 Rbb8 21. Kh1
Rf8 22. Rfe1 Nd7 23. Bg4 Bxg4 24. Qxg4 Rf2 25. Be3 Rxa2 26. Qe6 Nf6 27. c5 d5
28. exd5 Nxd5 29. Nb6 Rd8 30. Nxd5 cxd5 31. Bd4 exd4 32. Qxe7 Qxe7 33. Rxe7 d3
34. c6 d2 35. Rf1 Rc2 36. Rd7 Re8 37. Rxd5 h6 38. c7 Re1 39. Rg1 Rxc7 40. Rxd2
Rxg1+ 41. Kxg1 1/2-1/2

[Event "4NCL 3 South pool D"]
[Site "Daventry, ENG"]
[Date "2019.04.14"]
[Round "8.73"]
[White "Byron, Alan M"]
[Black "Walker, Nicholas P"]
[Result "1-0"]
[WhiteElo "2208"]
[BlackElo "2125"]
[PlyCount "77"]
[EventDate "2019.04.14"]
[WhiteTeam "The Rookies"]
[BlackTeam "Cambridge University 2"]

1. e4 e5 2. Nf3 Nc6 3. Bb5 a6 4. Ba4 d6 5. c3 Bd7 6. O-O g6 7. d4 Bg7 8. Bg5
Nge7 9. d5 Nb8 10. Bc2 h6 11. Be3 O-O 12. Qd2 Kh7 13. Ne1 Bb5 14. Bd3 Bxd3 15.
Nxd3 f5 16. f3 fxe4 17. fxe4 Rxf1+ 18. Kxf1 Nd7 19. Nf2 Nf6 20. c4 Qd7 21. Nc3
b5 22. c5 b4 23. Ne2 Qb5 24. Rc1 Rf8 25. Kg1 a5 26. Ng3 Nd7 27. Qd3 Qa4 28.
cxd6 cxd6 29. Rc7 Rc8 30. Qc4 Rxc7 31. Qxc7 Bf8 32. b3 Qb5 33. Qxd6 a4 34. Qe6
axb3 35. axb3 Ng8 36. Qc6 Qxc6 37. dxc6 Ndf6 38. c7 Ne7 39. Bc5 1-0

[Event "4NCL 3 South pool D"]
[Site "Daventry, ENG"]
[Date "2019.04.14"]
[Round "8.74"]
[White "Starley, Robert"]
[Black "Compton, Alistair"]
[Result "1/2-1/2"]
[WhiteElo "2045"]
[BlackElo "2023"]
[PlyCount "54"]
[EventDate "2019.04.14"]
[WhiteTeam "Cambridge University 2"]
[BlackTeam "The Rookies"]

1. e4 e6 2. d4 d5 3. Nc3 dxe4 4. Nxe4 Bd7 5. Nf3 Bc6 6. Bd3 Nd7 7. O-O Ngf6 8.
Ng3 g6 9. Re1 Bg7 10. Bg5 h6 11. Bd2 O-O 12. Qe2 Bxf3 13. Qxf3 c5 14. Be3 Nd5
15. dxc5 Nxe3 16. Qxe3 Qc7 17. Ne4 Bxb2 18. Rab1 Bg7 19. Bb5 Rfd8 20. Red1 Nf6
21. Nxf6+ Bxf6 22. Qxh6 Rxd1+ 23. Rxd1 Qxc5 24. Bd3 Rd8 25. Rb1 Bg7 26. Qh4 Rd4
27. Qg3 Rb4 1/2-1/2

[Event "4NCL 3 South pool D"]
[Site "Daventry, ENG"]
[Date "2019.04.14"]
[Round "8.75"]
[White "Jaszkiwskyj, Peter"]
[Black "Gooding, Ian"]
[Result "1/2-1/2"]
[WhiteElo "1919"]
[BlackElo "1993"]
[PlyCount "74"]
[EventDate "2019.04.14"]
[WhiteTeam "The Rookies"]
[BlackTeam "Cambridge University 2"]

1. d4 d5 2. Nf3 Nf6 3. c4 c6 4. Nc3 dxc4 5. a4 Na6 6. e4 Bg4 7. Be3 e6 8. Bxc4
Be7 9. O-O Nb4 10. Be2 O-O 11. h3 Bh5 12. Ne5 Bxe2 13. Qxe2 Qc7 14. Rfc1 Rad8
15. a5 Qb8 16. Ra4 c5 17. Nf3 Na6 18. Qb5 Nc7 19. Qc4 b5 20. axb6 axb6 21. Bf4
b5 22. Nxb5 Qxb5 23. Bxc7 Qxc4 24. Raxc4 Rd7 25. Bb6 cxd4 26. Bxd4 Nxe4 27.
Bxg7 Kxg7 28. Rxe4 Rb8 29. Ne5 Rd2 30. Nc6 Rc8 31. Rec4 Bd6 32. b4 Ra8 33. Nd4
Raa2 34. Rf1 Rdb2 35. Nc6 Bc7 36. Rg4+ Kf8 37. Na5 Bxa5 1/2-1/2

[Event "4NCL 3 South pool D"]
[Site "Daventry, ENG"]
[Date "2019.04.14"]
[Round "8.76"]
[White "Webster, Peter A N"]
[Black "Gibson, Christopher A"]
[Result "1-0"]
[WhiteElo "1887"]
[BlackElo "1887"]
[PlyCount "65"]
[EventDate "2019.04.14"]
[WhiteTeam "Cambridge University 2"]
[BlackTeam "The Rookies"]

1. e4 e5 2. Nf3 Nc6 3. Bb5 f5 4. Nc3 fxe4 5. Nxe4 Nf6 6. Nxf6+ Qxf6 7. Qe2 Be7
8. Bxc6 dxc6 9. Nxe5 O-O 10. O-O Bf5 11. f4 Rad8 12. d3 c5 13. Bd2 Bd6 14. Rae1
Bxe5 15. Qxe5 Qxe5 16. Rxe5 b6 17. Bc3 c4 18. g4 Bg6 19. f5 cxd3 20. cxd3 Bf7
21. Re7 Rfe8 22. Rxc7 Rxd3 23. g5 Bd5 24. g6 h6 25. Rxg7+ Kf8 26. f6 Re4 27.
Kf2 Rh3 28. Rd7 Rf4+ 29. Ke1 Rxf1+ 30. Kxf1 Bc6 31. Rd8+ Be8 32. Bb4+ Kg8 33.
Rxe8# 1-0

[Event "4NCL 3 South pool D"]
[Site "Daventry, ENG"]
[Date "2019.04.14"]
[Round "8.81"]
[White "Clark, Kevin R"]
[Black "Saidmurodov, Shahjahon"]
[Result "1/2-1/2"]
[WhiteElo "2125"]
[BlackElo "1775"]
[PlyCount "77"]
[EventDate "2019.04.14"]
[WhiteTeam "Poisoned Pawns 1"]
[BlackTeam "CSC 2"]

1. e4 e5 2. Bc4 Bc5 3. Nf3 Nc6 4. c3 Qe7 5. O-O Nf6 6. d4 Bb6 7. Re1 d6 8. h3
h6 9. b3 g5 10. dxe5 Nxe5 11. Nxe5 Qxe5 12. Be3 Bxe3 13. Rxe3 Bd7 14. Qd4 O-O
15. Nd2 Rfe8 16. Rae1 Qxd4 17. cxd4 Nh5 18. e5 dxe5 19. dxe5 Be6 20. Bxe6 Rxe6
21. Ne4 b6 22. g3 Rd8 23. Rc1 c5 24. a4 Kg7 25. Nd6 f6 26. exf6+ Kxf6 27. Rf3+
Kg6 28. Nb5 a6 29. Na3 Nf6 30. a5 b5 31. Rxc5 Rd1+ 32. Kg2 Ree1 33. Re3 Rxe3
34. fxe3 Ra1 35. Nc2 Rxa5 36. Nb4 Ra3 37. Rc6 Kf5 38. g4+ Ke5 39. Nd3+ 1/2-1/2

[Event "4NCL 3 South pool D"]
[Site "Daventry, ENG"]
[Date "2019.04.14"]
[Round "8.82"]
[White "Vachtfeidl, Petr"]
[Black "Rosen, Daniel B"]
[Result "1/2-1/2"]
[WhiteElo "1841"]
[BlackElo "2057"]
[PlyCount "38"]
[EventDate "2019.04.14"]
[WhiteTeam "CSC 2"]
[BlackTeam "Poisoned Pawns 1"]

1. d4 f5 2. g3 Nf6 3. Bg2 e6 4. Nf3 d5 5. O-O Bd6 6. c4 c6 7. Nbd2 Nbd7 8. Qc2
O-O 9. b3 Ne4 10. Bb2 Ndf6 11. Ne5 Nxd2 12. Qxd2 Bd7 13. Rac1 Qe7 14. Rfd1 Be8
15. Rc2 Bg6 16. Qg5 Qe8 17. Qc1 Qe7 18. Qg5 Qe8 19. Qc1 Qe7 1/2-1/2

[Event "4NCL 3 South pool D"]
[Site "Daventry, ENG"]
[Date "2019.04.14"]
[Round "8.83"]
[White "Byway, Paul V"]
[Black "Towers, Nigel S"]
[Result "1/2-1/2"]
[WhiteElo "2038"]
[BlackElo "1822"]
[PlyCount "103"]
[EventDate "2019.04.14"]
[WhiteTeam "Poisoned Pawns 1"]
[BlackTeam "CSC 2"]

1. Nf3 Nf6 2. c4 e6 3. g3 a6 4. Bg2 b5 5. Ne5 Ra7 6. d3 Bb7 7. Bxb7 Rxb7 8.
cxb5 Rxb5 9. Nf3 Bb4+ 10. Nc3 Nd5 11. Bd2 Nxc3 12. bxc3 Be7 13. c4 Rb7 14. Rb1
Rxb1 15. Qxb1 O-O 16. O-O Nc6 17. Qb7 Qc8 18. Rb1 Qb8 19. Rb3 Qxb7 20. Rxb7 Rc8
21. Bc3 Bd8 22. Kf1 Rb8 $11 23. Rxb8 Nxb8 24. Ke1 c5 25. Kd1 Nc6 26. Ne5 Nxe5
27. Bxe5 Be7 28. Kc2 d6 29. Bc3 d5 30. Kb3 d4 31. Ba5 Bd6 32. Ka4 Kf8 33. Bb6
Ke7 34. Ka5 Kd7 35. Kxa6 Kc6 36. e3 dxe3 37. fxe3 e5 38. Ba5 f5 39. h3 h5 40.
Bd8 e4 41. dxe4 fxe4 42. g4 g6 43. Ka5 Be5 44. Ka4 Bd6 45. Kb3 Kb7 46. a4 Ka6
47. a5 Bf8 48. Ka4 Bh6 49. g5 Bf8 50. Bc7 Be7 51. h4 Bf8 52. Kb3 1/2-1/2

[Event "4NCL 3 South pool D"]
[Site "Daventry, ENG"]
[Date "2019.04.14"]
[Round "8.84"]
[White "Grey, Nicholas D"]
[Black "Kemp, Paul R"]
[Result "0-1"]
[WhiteElo "1694"]
[BlackElo "2041"]
[PlyCount "94"]
[EventDate "2019.04.14"]
[WhiteTeam "CSC 2"]
[BlackTeam "Poisoned Pawns 1"]

1. e4 c6 2. d4 d5 3. exd5 cxd5 4. c4 Nf6 5. Nc3 e6 6. Nf3 Be7 7. cxd5 Nxd5 8.
Bd3 O-O 9. O-O Nc6 10. Re1 Bf6 11. a3 g6 12. Bh6 Bg7 13. Bxg7 Kxg7 14. Qd2 Nce7
15. Ne4 Nf5 16. Rac1 Bd7 17. Nc5 b6 18. Nxd7 Qxd7 19. Ne5 Qd8 20. Be4 h5 21. h3
Re8 22. g4 hxg4 23. hxg4 Nd6 24. Bxd5 exd5 25. Qf4 Rc8 26. Rxc8 Qxc8 27. Rc1
Qe6 28. Rc7 Re7 29. Rc6 f6 30. Nf3 Rd7 31. g5 Qe7 32. gxf6+ Qxf6 33. Qe5 Qxe5
34. Nxe5 Rd8 35. Rc7+ Kf6 36. Rxa7 Nc4 37. Nc6 Rd6 38. Ne5 Nxe5 39. dxe5+ Kxe5
40. Re7+ Kd4 41. Rc7 $11 Kd3 42. b4 d4 43. b5 Rd5 44. a4 Ke2 45. Re7+ Kd1 46.
Kf1 d3 47. Re1+ Kc2 0-1

[Event "4NCL 3 South pool D"]
[Site "Daventry, ENG"]
[Date "2019.04.14"]
[Round "8.85"]
[White "McCorry, Robert T"]
[Black "John, Joshua"]
[Result "1-0"]
[WhiteElo "2007"]
[BlackElo "1665"]
[PlyCount "93"]
[EventDate "2019.04.14"]
[WhiteTeam "Poisoned Pawns 1"]
[BlackTeam "CSC 2"]

1. d4 Nf6 2. c4 g6 3. g3 Bg7 4. Bg2 d6 5. Nf3 O-O 6. O-O Nbd7 7. Nc3 e5 8. e4
Re8 9. Re1 exd4 10. Nxd4 Ne5 11. b3 Bg4 12. f3 Bd7 13. Bb2 a6 14. Qd2 Qc8 15.
Rac1 Bh3 16. Bh1 Bd7 17. Nc2 Qb8 18. Ne3 c6 19. Rcd1 Re6 20. Ne2 Bf8 21. f4
Neg4 22. Nxg4 Nxg4 23. Nd4 Qa7 24. Bf3 Ree8 25. Kg2 Bg7 26. Ba3 d5 27. cxd5
cxd5 28. e5 Bh6 29. e6 Nf6 30. exd7 Nxd7 31. Rxe8+ Rxe8 32. Bxd5 Nf6 33. Bf3
Bg7 34. Bd6 Ne4 35. Bxe4 Rxe4 36. Nf3 Qb6 37. Be5 Bf8 38. Ng5 Re3 39. Qd5 Qc6
40. Qxc6 bxc6 41. Kf2 Rxe5 42. fxe5 Be7 43. Ne4 Kg7 44. Rd7 Bb4 45. Nd6 Bc5+
46. Kf3 Bxd6 47. exd6 1-0

[Event "4NCL 3 South pool D"]
[Site "Daventry, ENG"]
[Date "2019.04.14"]
[Round "8.86"]
[White "Denning, Julie L"]
[Black "See, Tristian"]
[Result "0-1"]
[WhiteElo "1638"]
[BlackElo "2042"]
[PlyCount "102"]
[EventDate "2019.04.14"]
[WhiteTeam "CSC 2"]
[BlackTeam "Poisoned Pawns 1"]

1. d4 d5 2. c4 dxc4 3. Nc3 Nf6 4. Bg5 h6 5. Bxf6 exf6 6. e3 Bd6 7. Bxc4 O-O 8.
Nge2 Nc6 9. O-O Bg4 10. Ne4 Be7 11. f3 Bd7 12. Nf4 Kh8 13. a3 f5 14. Nf2 Bd6
15. N2h3 Rb8 16. b4 b5 17. Ba2 a5 18. d5 Ne5 19. Qd4 axb4 20. axb4 Qe7 21. Rac1
Ra8 22. Bb3 Rfc8 23. Nh5 f6 24. f4 Ng4 25. Rfe1 Bxb4 26. Re2 Ra3 27. Qd3 Bc5
28. Kh1 b4 29. e4 Ba4 30. exf5 Rxb3 31. Qa6 Qd7 32. Rxc5 Rb1+ 33. Ng1 Re8 34.
Qd3 Rxe2 35. Qxe2 Qe8 36. Qxe8+ Bxe8 37. h3 Nf2+ 38. Kh2 Bxh5 39. Rxc7 Rd1 40.
Rc8+ Kh7 41. Rb8 Rd4 42. d6 Nd3 43. g4 Bf7 44. Rb7 b3 45. Ne2 Rxd6 46. Rxf7 Nc5
47. g5 hxg5 48. fxg5 b2 49. g6+ Kh6 50. Nc3 Rd2+ 51. Kg1 Rc2 0-1

[Event "4NCL 3 South pool D"]
[Site "Daventry, ENG"]
[Date "2019.05.04"]
[Round "9.51"]
[White "Hall, John"]
[Black "Crombleholme, Alan K"]
[Result "1-0"]
[WhiteElo "2207"]
[BlackElo "1941"]
[PlyCount "95"]
[EventDate "2019.05.04"]
[WhiteTeam "Leeds University Old Boys"]
[BlackTeam "Iceni 2"]

1. e4 e6 2. d4 d5 3. Nc3 Bb4 4. e5 c5 5. a3 Bxc3+ 6. bxc3 Ne7 7. a4 Qa5 8. Bd2
Nbc6 9. Nf3 Bd7 10. Be2 f6 11. c4 Qc7 12. cxd5 Nxd5 13. exf6 gxf6 14. dxc5
O-O-O 15. O-O e5 16. c3 Rhg8 17. Qc2 Bh3 18. Nh4 Qg7 19. Bf3 Nde7 20. Rfd1 f5
21. g3 Qf6 22. Ng2 e4 23. Be2 Ne5 24. Bf4 Nd5 25. Bxe5 Qxe5 26. c4 Qc3 27. Qc1
Qxc1 28. Raxc1 Nf6 29. Nf4 Bg4 30. Bxg4 Nxg4 31. Rd5 Rxd5 32. cxd5 Ne5 33. Rd1
Kd7 34. Rb1 Kc8 35. Kf1 Nf3 36. Ke2 Rd8 37. h3 Nd4+ 38. Ke3 Nf3 39. a5 Ne5 40.
a6 bxa6 41. c6 Nc4+ 42. Kd4 Nd6 43. Kc5 Nb5 44. Rb3 Re8 45. Ne6 Re7 46. Nd4
Nxd4 47. Kxd4 a5 48. d6 1-0

[Event "4NCL 3 South pool D"]
[Site "Daventry, ENG"]
[Date "2019.05.04"]
[Round "9.52"]
[White "Calvert, D Ian"]
[Black "Pickard, Charles"]
[Result "1/2-1/2"]
[WhiteElo "1921"]
[BlackElo "2155"]
[PlyCount "42"]
[EventDate "2019.05.04"]
[WhiteTeam "Iceni 2"]
[BlackTeam "Leeds University Old Boys"]

1. b3 e5 2. Bb2 d6 3. d4 exd4 4. Qxd4 Nc6 5. Qd2 Nf6 6. Nc3 d5 7. O-O-O Be6 8.
e4 dxe4 9. Qe1 Bd6 10. Nxe4 Nxe4 11. Qxe4 Qe7 12. Nf3 O-O 13. Bc4 Bxc4 14. Qxc4
Ba3 15. Qc3 Bxb2+ 16. Kxb2 Rad8 17. Rhe1 Qb4 18. Qxb4 Nxb4 19. a3 Nc6 20. Kc3
f6 21. Nd4 Nxd4 1/2-1/2

[Event "4NCL 3 South pool D"]
[Site "Daventry, ENG"]
[Date "2019.05.04"]
[Round "9.53"]
[White "Mossong, Hubert"]
[Black "Ortiz Sanchez, Luis"]
[Result "0-1"]
[WhiteElo "2066"]
[BlackElo "1950"]
[PlyCount "98"]
[EventDate "2019.05.04"]
[WhiteTeam "Leeds University Old Boys"]
[BlackTeam "Iceni 2"]

1. e4 c5 2. Nc3 Nc6 3. Bb5 Nd4 4. Nge2 a6 5. Bc4 b5 6. Bd5 Rb8 7. Nxd4 cxd4 8.
Ne2 Nf6 9. Bb3 Nxe4 10. d3 Qa5+ 11. Bd2 Qxd2+ 12. Qxd2 Nxd2 13. Kxd2 Bb7 14.
Rhg1 e5 15. Rae1 Bb4+ 16. c3 dxc3+ 17. bxc3 Bd6 18. Ng3 O-O 19. Nf5 Bc7 20. Bd5
Rfe8 21. Bxb7 Rxb7 22. Rb1 g6 23. Ne3 Bb6 24. Nd5 Kg7 25. Rgf1 f5 26. f3 Bd8
27. a4 Bg5+ 28. Kc2 Reb8 29. axb5 Rxb5 30. c4 Rxb1 31. Rxb1 Rxb1 32. Kxb1 Bd8
33. Kc2 Kf7 34. Kb3 Ke6 35. Kb4 e4 36. dxe4 fxe4 37. f4 Kd6 38. g4 Bh4 39. g5
Be1+ 40. Kb3 Bd2 41. Kc2 e3 42. Nf6 a5 43. Nxh7 a4 44. Nf6 Ke6 45. Ne4 a3 46.
Ng3 Bb4 47. h4 Bd6 48. Ne2 Kf5 49. Kb3 Kg4 0-1

[Event "4NCL 3 South pool D"]
[Site "Daventry, ENG"]
[Date "2019.05.04"]
[Round "9.54"]
[White "Feavyour, John A"]
[Black "Wojciechowski, Paul"]
[Result "1-0"]
[WhiteElo "1960"]
[BlackElo "1912"]
[PlyCount "127"]
[EventDate "2019.05.04"]
[WhiteTeam "Iceni 2"]
[BlackTeam "Leeds University Old Boys"]

1. d4 Nf6 2. Nf3 g6 3. g3 Bg7 4. Bg2 O-O 5. c4 c6 6. O-O d5 7. cxd5 cxd5 8. Nc3
Nc6 9. Ne5 e6 10. Nxc6 bxc6 11. Bg5 h6 12. Bf4 Qe7 13. Rc1 Bd7 14. Re1 Rfc8 15.
Na4 Be8 16. Nc5 Nd7 17. e4 Nxc5 18. Rxc5 Qb7 19. Re2 Qb4 20. Be3 Rab8 21. a3
Qb7 22. Bf4 Ra8 23. e5 Bf8 24. Rc3 a5 25. Be3 Rab8 26. Qc1 Kh7 27. h4 Qc7 28.
f4 Rb6 29. h5 Rcb8 30. Bh3 Bd7 31. hxg6+ fxg6 32. Bf1 R8b7 33. Rcc2 Rb3 34. Rh2
Be8 35. f5 Rxe3 36. Qxe3 gxf5 37. Bd3 Qg7 38. Rcg2 Qg4 39. Rd2 Qg7 40. Rhg2 Be7
41. Rc2 Qg4 42. Be2 Qe4 43. Qxe4 fxe4 44. Bg4 Bd7 45. Kf2 Rb3 46. Ke1 Re3+ 47.
Be2 Rb3 48. Bf1 Kg6 49. Rc3 Rb8 50. Rf2 Rc8 51. Bh3 Kg7 52. Rfc2 Rf8 53. Rf2
Rb8 54. Bg4 Kg6 55. Bxe6 Bxe6 56. Rxc6 Bg5 57. Rxe6+ Kh5 58. Rd6 Kg4 59. Rxd5
Kxg3 60. e6 Rc8 61. Rc5 Rd8 62. Rxg5+ hxg5 63. e7 Re8 64. Rf7 1-0

[Event "4NCL 3 South pool D"]
[Site "Daventry, ENG"]
[Date "2019.05.04"]
[Round "9.55"]
[White "Birkin, Mark H"]
[Black "Kenning, Paul H"]
[Result "1/2-1/2"]
[WhiteElo "1969"]
[BlackElo "1846"]
[PlyCount "80"]
[EventDate "2019.05.04"]
[WhiteTeam "Leeds University Old Boys"]
[BlackTeam "Iceni 2"]

1. e4 d6 2. g3 Nf6 3. Bg2 e5 4. Nc3 Be7 5. Nge2 Nc6 6. O-O Be6 7. f4 exf4 8.
Rxf4 Ne5 9. Nd4 c6 10. Nxe6 fxe6 11. Bh3 Ng6 12. Rf2 e5 13. Be6 Qb6 14. Kg2 Kd8
15. Qe2 h5 16. b4 h4 17. a4 hxg3 18. hxg3 Nh5 19. Qg4 Nxg3 20. Qxg3 Bh4 21. Qe3
Qxe3 22. dxe3 Bxf2 23. Kxf2 Rh2+ 24. Kg3 Rxc2 25. Nd1 Ke7 26. Bb3 Re2 27. Bc4
Re1 28. Bd2 Rh1 29. Bc3 Rg1+ 30. Kf2 Rg5 31. Ke2 Rh8 32. b5 c5 33. a5 Rg2+ 34.
Kd3 Rh3 35. Bb3 Rh1 36. Bd5 Rgg1 37. Kc2 Rg2+ 38. Kb3 Rgg1 39. Kc2 Rg2+ 40. Kd3
Rgg1 1/2-1/2

[Event "4NCL 3 South pool D"]
[Site "Daventry, ENG"]
[Date "2019.05.04"]
[Round "9.56"]
[White "Pack, James"]
[Black "Taylor, Mark V"]
[Result "0-1"]
[WhiteElo "1862"]
[BlackElo "1911"]
[PlyCount "48"]
[EventDate "2019.05.04"]
[WhiteTeam "Iceni 2"]
[BlackTeam "Leeds University Old Boys"]

1. Nf3 c5 2. c4 Nf6 3. Nc3 e6 4. g3 b6 5. Bg2 Bb7 6. O-O Be7 7. Re1 d6 8. e4
Nbd7 9. d4 cxd4 10. Nxd4 Qb8 11. f4 h5 12. e5 dxe5 13. fxe5 Ng4 14. Nc6 Bc5+
15. Nd4 Ndxe5 16. Ne4 Bxe4 17. Bxe4 h4 18. h3 Bxd4+ 19. Qxd4 Nf3+ 20. Bxf3
Qxg3+ 21. Kf1 Qxf3+ 22. Kg1 Qg3+ 23. Kf1 Nh2+ 24. Ke2 Qxe1+ 0-1

[Event "4NCL 3 South pool D"]
[Site "Daventry, ENG"]
[Date "2019.05.04"]
[Round "9.61"]
[White "Brown, Alan M"]
[Black "Salmons, Calum"]
[Result "0-1"]
[WhiteElo "2040"]
[BlackElo "2117"]
[PlyCount "90"]
[EventDate "2019.05.04"]
[WhiteTeam "MK Phoenix 1"]
[BlackTeam "Sussex Martlets 2"]

1. d4 Nf6 2. c4 c5 3. d5 b5 4. cxb5 a6 5. b6 d6 6. Nc3 g6 7. e4 Bg7 8. Be2 Nbd7
9. Nf3 O-O 10. O-O Nxb6 11. Nd2 e5 12. Nc4 Nxc4 13. Bxc4 Nd7 14. f4 f5 15. exf5
Rxf5 16. Bd3 Rf8 17. f5 gxf5 18. Bxf5 Nf6 19. Bg5 Bxf5 20. Rxf5 h6 21. Bxf6
Rxf6 22. Qf3 Rb8 23. Rxf6 Qxf6 24. Qxf6 Bxf6 25. Ne4 Be7 26. b3 Rb4 27. Ng3 Bf8
28. Rd1 Kg7 29. Rc1 Kg6 30. Rc4 Rxc4 31. bxc4 Kg5 32. Kf2 Kf4 33. Ke2 e4 34.
Nh5+ Ke5 35. Ke3 Be7 36. Ng7 Bg5+ 37. Ke2 Kd4 38. h4 Bf6 39. Nf5+ Kxc4 40.
Nxd6+ Kxd5 41. Nf5 Ke5 42. Nxh6 Bxh4 43. Ng4+ Kd4 44. Ne3 Bg5 45. Nd1 c4 0-1

[Event "4NCL 3 South pool D"]
[Site "Daventry, ENG"]
[Date "2019.05.04"]
[Round "9.62"]
[White "Forster, Matthew"]
[Black "Tippleston, Charles E"]
[Result "0-1"]
[WhiteElo "1997"]
[BlackElo "2086"]
[PlyCount "110"]
[EventDate "2019.05.04"]
[WhiteTeam "Sussex Martlets 2"]
[BlackTeam "MK Phoenix 1"]

1. c4 e5 2. g3 Nc6 3. Nc3 Nf6 4. Bg2 Bc5 5. a3 a5 6. e3 O-O 7. Nge2 d6 8. O-O
Bb6 9. d4 exd4 10. exd4 h6 11. h3 Re8 12. b3 Ne7 13. Kh2 c6 14. Bf4 Ng6 15. Qd2
Nxf4 16. Nxf4 Bf5 17. Rad1 Ne4 18. Nxe4 Bxe4 19. d5 Bxg2 20. Kxg2 c5 21. Rfe1
Rxe1 22. Rxe1 a4 23. Re3 Qf6 24. bxa4 g6 25. Qc2 Kg7 26. Ne2 Ba5 27. g4 Ra6 28.
Rf3 Qe5 29. Nc1 Bd8 30. Nd3 Qd4 31. Kg3 Bf6 32. Qb3 Ra7 33. h4 h5 34. Nf4 hxg4
35. Kxg4 Ra8 36. h5 g5 37. Qxb7 Rh8 38. Qd7 gxf4 39. Rxf4 Qd1+ 40. Rf3 Rxh5 41.
Kxh5 Qxf3+ 42. Qg4+ Qxg4+ 43. Kxg4 Bd8 44. Kf5 Kf8 45. f3 Ke7 46. f4 Kd7 47. a5
Bxa5 48. Kf6 Ke8 49. Kg7 Bc3+ 50. Kg8 Bd2 51. f5 f6 52. a4 Kd7 53. Kf7 Bc3 54.
a5 Kc7 55. Ke7 Be5 0-1

[Event "4NCL 3 South pool D"]
[Site "Daventry, ENG"]
[Date "2019.05.04"]
[Round "9.63"]
[White "Habershon, Paul F"]
[Black "Batchelor, Paul A"]
[Result "1-0"]
[WhiteElo "2015"]
[BlackElo "2035"]
[PlyCount "139"]
[EventDate "2019.05.04"]
[WhiteTeam "MK Phoenix 1"]
[BlackTeam "Sussex Martlets 2"]

1. e4 c5 2. Nc3 Nc6 3. f4 g6 4. Nf3 Bg7 5. Bc4 e6 6. f5 Nge7 7. fxe6 dxe6 8. d3
O-O 9. O-O a6 10. a4 b6 11. Qe1 Nd4 12. Nxd4 cxd4 13. Ne2 Nc6 14. Qg3 Qe7 15.
Bg5 f6 16. Bf4 Ne5 17. Bb3 Nf7 18. Bc7 Qc5 19. a5 bxa5 20. Rxa5 Qa7 21. Bc4 e5
22. Bd6 Qb6 23. Bxf8 Qxa5 24. Bxg7 Kxg7 25. Bxf7 Qb6 26. Bd5 Rb8 27. b3 Qd6 28.
Bc4 Be6 29. Bxe6 Qxe6 30. Qf2 Rc8 31. Ng3 Rc3 32. Qd2 Qc6 33. Rc1 Qb6 34. Ra1
Qc7 35. Ra2 h5 36. h3 Rc6 37. Nf1 Qe7 38. Qd1 Kh7 39. Nd2 Qe6 40. Nc4 Kg7 41.
Qd2 Kh7 42. Qa5 g5 43. Qd5 Qc8 44. Nd6 Qd7 45. Qf7+ Qxf7 46. Nxf7 Kg8 47. Nh6+
Kf8 48. Kf2 Ke7 49. Ke2 Kd6 50. Kd2 Ke6 51. Nf5 h4 52. Ra4 Rb6 53. Kc1 Kd7 54.
Kb2 Re6 55. Rc4 Rb6 56. Ka3 Kd8 57. Ka4 Kd7 58. Ka5 Re6 59. Rc5 Kd8 60. Kb4 Kd7
61. Kc4 Rb6 62. Ng7 Ke7 63. b4 Kd7 64. Kb3 Kd6 65. Ne8+ Kd7 66. Nc7 Kd8 67. Nd5
Rd6 68. Ka4 Kd7 69. Ka5 Kd8 70. Nb6 1-0

[Event "4NCL 3 South pool D"]
[Site "Daventry, ENG"]
[Date "2019.05.04"]
[Round "9.64"]
[White "Howell, Chris I"]
[Black "Smith, Graham"]
[Result "1/2-1/2"]
[WhiteElo "1954"]
[BlackElo "2021"]
[PlyCount "53"]
[EventDate "2019.05.04"]
[WhiteTeam "Sussex Martlets 2"]
[BlackTeam "MK Phoenix 1"]

1. e4 c5 2. a3 g6 3. b4 Bg7 4. Nc3 d6 5. Rb1 Nc6 6. Nge2 e6 7. g3 Nge7 8. Bg2
O-O 9. O-O a5 10. bxc5 dxc5 11. d3 Nd4 12. f4 Nxe2+ 13. Nxe2 Qc7 14. Be3 b6 15.
e5 Rb8 16. Nc3 Nf5 17. Bf2 f6 18. Nb5 Qd7 19. Re1 fxe5 20. fxe5 Ba6 21. a4 Bxb5
22. axb5 Nd4 23. c4 Qc7 24. Bxd4 cxd4 25. Qg4 Rf5 26. Qxd4 Rxe5 27. Rxe5
1/2-1/2

[Event "4NCL 3 South pool D"]
[Site "Daventry, ENG"]
[Date "2019.05.04"]
[Round "9.65"]
[White "Reuben, Stewart"]
[Black "Graham, William M"]
[Result "1/2-1/2"]
[WhiteElo "1974"]
[BlackElo "1997"]
[PlyCount "104"]
[EventDate "2019.05.04"]
[WhiteTeam "MK Phoenix 1"]
[BlackTeam "Sussex Martlets 2"]

1. c4 Nf6 2. Nc3 g6 3. g3 Bg7 4. Bg2 d6 5. e4 O-O 6. Nge2 c5 7. d4 cxd4 8. Nxd4
Nc6 9. Nxc6 bxc6 10. e5 Ng4 11. exd6 exd6 12. O-O Ne5 13. Qa4 Be6 14. Bf4 Nxc4
15. Qxc6 Rc8 16. Qa6 Nxb2 17. Nd5 Nc4 18. Rac1 Bxd5 19. Bxd5 Nb6 20. Bb3 Qd7
21. Rcd1 d5 22. Rd3 Rc3 23. Rfd1 Rxd3 24. Rxd3 d4 25. a4 Re8 26. Qb5 Qxb5 27.
axb5 Rd8 28. Bc7 Rd7 29. Bxb6 axb6 30. Kf1 Bf8 31. Ke2 Kg7 32. Kd1 Bc5 33. Bc4
Ra7 34. Bd5 f5 35. Rd2 Ra5 36. Bc6 Ra1+ 37. Ke2 Kf6 38. h3 Ke5 39. f4+ Kf6 40.
Kf3 Ra3+ 41. Kg2 Re3 42. Bd5 h6 43. Bc4 Rc3 44. Be2 Ke6 45. Bd3 Bd6 46. Kf2 Kd5
47. Ke2 Rc7 48. Kf2 Rc3 49. Ke2 g5 50. fxg5 hxg5 51. Bxf5 Bxg3 52. Rd3 Rxd3
1/2-1/2